| 000 | 00998nam a22002897a 4500 | ||
|---|---|---|---|
| 001 | ENG-90736 | ||
| 005 | 20080818121844.0 | ||
| 008 | 080818t xxu||||| |||| 00| 0 eng d | ||
| 010 | _aENG-90736 | ||
| 020 |
_a8189937219 _c650.00 |
||
| 035 | _aEN-74269 | ||
| 037 | _bDBAD / PUB | ||
| 040 | _aDPL | ||
| 082 | _a332.71 | ||
| 100 | _aMittal, A.C. | ||
| 245 |
_aAgro-rural sector and microfinance / _cby A.C. Mittal |
||
| 260 |
_aNew Delhi _bArise Publishers & Distributors _c2008 |
||
| 300 |
_aviii, 248 p. _c22 cm.(Hb) |
||
| 650 | _aRural credit | ||
| 650 | _aAgricultural credit | ||
| 650 | _aRural Industries | ||
| 650 | _aBanks and banking | ||
| 650 | _aFinancial institutions | ||
| 942 |
_2ddc _cEN _h332.711 _mMIT |
||
| 999 |
_c14875 _d14875 |
||